000 00535cam a22002052a 4500
001 011928
003 AR-FADEU
008 311216n1980####xxu####################dd
092 _a374
_bP166
100 _aPalladino, Enrique
245 _aEducación de adultos : guía de estudio. Seminario de educación de adultos
260 _aBuenos Aires
260 _bHvmanitas
260 _c1980
300 _a192 p.
440 _aFormación docente
500 _aIncluye bibliografía
650 _aADULTOS-ENSENANZA
942 _cBDGR
999 _c17701
_d17701